000 00630cam a22002293a 4500
001 20308
003 PGUSA
005 20140828083429.0
008 070107s2007||||xxu|||||s|||||000 1 eng d
040 _aPGUSA
_beng
042 _adc
050 4 _aPS
100 1 _aNoble, Alden Charles,
_d1880-
245 1 0 _aWhite Ashes
_h[electronic resource] /
_cAlden Charles Noble
260 _bProject Gutenberg,
_c2007
506 _aPublic domain in the USA.
516 _aElectronic text
653 _aFire insurance -- Fiction
830 0 _aProject Gutenberg
_v20308
856 4 0 _uhttp://www.gutenberg.org/ebooks/20308
942 _cEB
999 _c249563
_d249563